The President When A Future President Was Born? Quiz Stats

 Plays Quiz not verified by Sporcle

Support Sporcle.
Go Orange.
Score 0/17 Timer 15:00
0 Plays Today
Hint Answer % Correct
George Washington
92.7%
Harry S Truman
81%
John Adams
78%
William Howard Taft
75%
Thomas Jefferson
74.7%
George Washington
74%
Theodore Roosevelt
73.7%
Woodrow (Thomas) Wilson
71%
James Monroe
68.7%
Hint Answer % Correct
Thomas Jefferson
65.7%
Andrew Jackson
65%
Benjamin Harrison
63.7%
Ulysses S. Grant
62.7%
John Tyler
60.3%
Chester Alan Arthur
60%
Andrew Jackson
57.3%
Martin Van Buren
55%

You're not logged in!

Compare scores with friends on all Sporcle quizzes.
OR
Log In

From the Vault

15-Letter Vocabulary (Hard)

by Tom007

Let's find out if you know the difference between bioluminescence and phosphorescence.
Remove Ads.
Support Sporcle.
Get the best of Sporcle when you Go Orange. This ad-free experience offers more features, more stats, and more fun while also helping to support Sporcle. Thank you for becoming a member.

Show Comments

Extras

Top Quizzes Today


Score Distribution

Your Account Isn't Verified!

In order to create a playlist on Sporcle, you need to verify the email address you used during registration. Go to your Sporcle Settings to finish the process.

Report this User

Report this user for behavior that violates our Community Guidelines.

Details: